Manual for coin collectors and investors / (Record no. 115523)
[ view plain ]
| 000 -LEADER | |
|---|---|
| fixed length control field | 00539nam a22001817a 4500 |
| 003 - CONTROL NUMBER IDENTIFIER | |
| control field | OSt |
| 005 - DATE AND TIME OF LATEST TRANSACTION | |
| control field | 20140428084614.0 |
| 008 - FIXED-LENGTH DATA ELEMENTS--GENERAL INFORMATION | |
| fixed length control field | 140428b xxu||||| |||| 00| 0 eng d |
| 050 ## - LIBRARY OF CONGRESS CALL NUMBER | |
| Classification number | CJ 1830 |
| Item number | .H684 1963 |
| 100 ## - MAIN ENTRY--PERSONAL NAME | |
| Personal name | Hobson, Burton |
| 245 ## - TITLE STATEMENT | |
| Title | Manual for coin collectors and investors / |
| Statement of responsibility, etc | Burton Hobson and Fred Reinfeld. |
| 260 ## - PUBLICATION, DISTRIBUTION, ETC. (IMPRINT) | |
| Place of publication, distribution, etc | New York : |
| Name of publisher, distributor, etc | Sterling, |
| Date of publication, distribution, etc | c1963. |
| 300 ## - PHYSICAL DESCRIPTION | |
| Extent | 160 p. : |
| Other physical details | ill. ; |
| Dimensions | 20 cm. |
| 440 ## - SERIES STATEMENT/ADDED ENTRY--TITLE | |
| Title | Worthwhile how-to paperbacks |
| Number of part/section of a work | #402 |
| 650 ## - SUBJECT ADDED ENTRY--TOPICAL TERM | |
| Topical term or geographic name as entry element | Coins |
| Form subdivision | United States. |
| 942 ## - ADDED ENTRY ELEMENTS (KOHA) | |
| Source of classification or shelving scheme | Library of Congress Classification |
| Koha item type | Books |
| Withdrawn status | Lost status | Source of classification or shelving scheme | Damaged status | Home library | Current library | Shelving location | Date acquired | Sub Shelving location | Total Checkouts | Full call number | Barcode | Date last seen | Copy number | Price effective from | Koha item type |
|---|---|---|---|---|---|---|---|---|---|---|---|---|---|---|---|
| Library of Congress Classification | Luxembourg Library | Luxembourg Library | High School Section | 04/28/2014 | CJ 1830 .H684 1963 | 11155 | 04/28/2014 | 1 | 04/28/2014 | Books |